000 00438nam a2200181Ia 4500
001 1744
005 20260306143751.0
008 260306t2014||||xx |||||||||||||| ||spa||
041 _aESP
082 _a155.28
_bP77
100 _aPont Amenós, Teresa
_eAUT
245 0 _aLos test gráficos en el psicodiagnóstico
260 _c2014
300 _a262 páginas :
_c23 cm.
650 _aGEN
654 _aCPS
942 _cLIB
_dJUS
_fJUS
_2ddc
_n
999 _c1744
_d1744